[Event "Caioba Rapid op 7th"]
[Site "Caioba"]
[Date "2023.06.18"]
[Round "6"]
[White "Mafra, Kaiser Luiz"]
[Black "Rodrigues, Edgar"]
[Result "1/2-1/2"]
[WhiteElo "2038"]
[BlackElo "2329"]
[PlyCount "49"]
[EventDate "2023.06.17"]
[EventType "swiss (rapid)"]
[EventRounds "11"]
[EventCountry "BRA"]
[SourceTitle "CBM 214 Extra"]
[Source "ChessBase"]
[SourceDate "2023.07.31"]
[SourceVersion "1"]
[SourceVersionDate "2023.07.31"]
[SourceQuality "1"]

1. e4 e6 2. Nf3 d5 3. e5 c5 4. b4 cxb4 5. a3 b3 6. cxb3 Nc6 7. b4 Nge7 8. b5 Na5 9. d3 Ng6 10. h4 Bd7 11. h5 Ne7 12. a4 Nc8 13. h6 g6 14. Bd2 Be7 15. Nc3 0-0 16. g3 f6 17. Bh3 fxe5 18. Nxe5 Bc5 19. f4 Bd4 20. Nf3 Qb6 21. Nxd5 exd5 22. Bxd7 Bf2+ 23. Kf1 Bxg3 24. Qe2 Nb3 25. Be6+ 1/2-1/2

[Event "Catarinense-ch U20"]
[Site "Rio Negrinho"]
[Date "2023.03.26"]
[Round "5"]
[White "Mafra, Kaiser Luiz"]
[Black "Lopes, Leonardo Borges"]
[Result "1-0"]
[WhiteElo "2081"]
[BlackElo "1646"]
[PlyCount "61"]
[EventDate "2023.03.24"]
[EventType "swiss"]
[EventRounds "6"]
[EventCountry "BRA"]
[SourceTitle "CBM 213 Extra"]
[Source "ChessBase"]
[SourceDate "2023.05.31"]
[SourceVersion "1"]
[SourceVersionDate "2023.05.31"]
[SourceQuality "1"]

1. e4 c5 2. Nf3 d6 3. d4 cxd4 4. Nxd4 Nf6 5. Nc3 a6 6. h3 h5 7. Be3 Qc7 8. Qd2 e5 9. Nf3 b5 10. Rg1 Qc6 11. Ng5 Nbd7 12. a4 b4 13. Nd5 Rb8 14. Nxb4 Rxb4 15. Qxb4 d5 16. Qb3 Qb7 17. Qxb7 Bxb7 18. exd5 Nxd5 19. Ba7 Bb4+ 20. Kd1 Rh6 21. c3 Be7 22. Ne4 N5b6 23. f3 Nc5 24. Nxc5 Bxc5 25. Rh1 e4 26. Be2 Rg6 27. fxe4 Bxe4 28. Bf3 Re6 29. Kc1 Bd3 30. a5 Nd7 31. Bxc5 1-0

[Event "Catarinense-ch U20"]
[Site "Rio Negrinho"]
[Date "2023.03.25"]
[Round "3"]
[White "Mafra, Kaiser Luiz"]
[Black "Luz, Christian Oliveira"]
[Result "1-0"]
[WhiteElo "2081"]
[BlackElo "1652"]
[PlyCount "119"]
[EventDate "2023.03.24"]
[EventType "swiss"]
[EventRounds "6"]
[EventCountry "BRA"]
[SourceTitle "CBM 213 Extra"]
[Source "ChessBase"]
[SourceDate "2023.05.31"]
[SourceVersion "1"]
[SourceVersionDate "2023.05.31"]
[SourceQuality "1"]

1. e4 c5 2. Nf3 d6 3. d4 cxd4 4. Nxd4 Nf6 5. Nc3 a6 6. Rg1 Nc6 7. Nb3 e6 8. g4 d5 9. exd5 Nxd5 10. Nxd5 Qxd5 11. Qxd5 exd5 12. Be3 b5 13. 0-0-0 Be6 14. f4 f6 15. Nc5 Bf7 16. Bg2 Bxc5 17. Bxc5 0-0-0 18. a4 Kc7 19. axb5 axb5 20. b4 Ra8 21. Kb2 Rhd8 22. Ra1 g6 23. c3 Re8 24. Rxa8 Rxa8 25. Ra1 Re8 26. Bf3 h6 27. Rd1 Rd8 28. Bf2 d4 29. Bxd4 Nxd4 30. cxd4 Bc4 31. d5 Kd6 32. Ra1 Kc7 33. Ra7+ Kd6 34. Rg7 Bxd5 35. Bxd5 Kxd5 36. Rxg6 Kc4 37. Rxh6 Kxb4 38. Rxf6 Rd2+ 39. Kc1 Rxh2 40. g5 Kb3 41. Rh6 Rg2 42. g6 b4 43. f5 Ka2 44. Rh4 Rg1+ 45. Kd2 b3 46. Ra4+ Kb2 47. Ra7 Rg2+ 48. Ke3 Kc2 49. Rc7+ Kd1 50. Rb7 Kc2 51. g7 b2 52. f6 Rg6 53. Rxb2+ Kxb2 54. f7 Rxg7 55. f8Q Rg3+ 56. Kf2 Rd3 57. Ke2 Rd7 58. Qb4+ Kc1 59. Qc4+ Kb2 60. Qb5+ 1-0

[Event "Catarinense-ch U20"]
[Site "Rio Negrinho"]
[Date "2023.03.24"]
[Round "1"]
[White "Mafra, Kaiser Luiz"]
[Black "Fossatti, Igor Anton"]
[Result "1-0"]
[WhiteElo "2081"]
[BlackElo "1442"]
[PlyCount "59"]
[EventDate "2023.03.24"]
[EventType "swiss"]
[EventRounds "6"]
[EventCountry "BRA"]
[SourceTitle "CBM 213 Extra"]
[Source "ChessBase"]
[SourceDate "2023.05.31"]
[SourceVersion "1"]
[SourceVersionDate "2023.05.31"]
[SourceQuality "1"]

1. e4 c5 2. Nc3 d6 3. f4 Nd7 4. Nf3 e6 5. d4 cxd4 6. Nxd4 a6 7. Bc4 Ngf6 8. Be3 b5 9. Bxe6 fxe6 10. Nxe6 Qa5 11. 0-0 Kf7 12. Ng5+ Ke8 13. Nd5 Bb7 14. b4 Qd8 15. Ne6 Qc8 16. Ndc7+ Ke7 17. e5 Ne8 18. exd6+ Nxd6 19. f5 Ne8 20. Bg5+ Ndf6 21. Qe2 Kf7 22. Rad1 Be7 23. Nxa8 Bxa8 24. Rfe1 Bxb4 25. Nd8+ Kf8 26. Ne6+ Kf7 27. Rd8 Qb7 28. Bxf6 Kxf6 29. Qe5+ Kf7 30. Ng5+ 1-0

[Event "Catas Altas Caraca op 4th"]
[Site "Catas Altas"]
[Date "2023.03.12"]
[Round "7"]
[White "Mafra, Kaiser Luiz"]
[Black "Supi, Luis Paulo"]
[Result "0-1"]
[WhiteElo "2081"]
[BlackElo "2608"]
[PlyCount "32"]
[EventDate "2023.03.11"]
[EventType "swiss (rapid)"]
[EventRounds "7"]
[EventCountry "BRA"]
[SourceTitle "CBM 213 Extra"]
[Source "ChessBase"]
[SourceDate "2023.05.31"]
[SourceVersion "1"]
[SourceVersionDate "2023.05.31"]
[SourceQuality "1"]

1. c4 e5 2. Nc3 Bb4 3. Nf3 d6 4. Nd5 a5 5. Nxb4 axb4 6. d4 Qe7 7. Qc2 Nf6 8. e3 c5 9. dxe5 dxe5 10. b3 Nc6 11. Be2 e4 12. Nd2 Bf5 13. f4 exf3 14. Qxf5 Nd4 15. Qd3 Nxe2 16. gxf3 Nf4 0-1

[Event "Catas Altas Caraca op 4th"]
[Site "Catas Altas"]
[Date "2023.03.11"]
[Round "4"]
[White "Mafra, Kaiser Luiz"]
[Black "Fier, Alexandr"]
[Result "0-1"]
[WhiteElo "2081"]
[BlackElo "2606"]
[PlyCount "62"]
[EventDate "2023.03.11"]
[EventType "swiss (rapid)"]
[EventRounds "7"]
[EventCountry "BRA"]
[SourceTitle "CBM 213 Extra"]
[Source "ChessBase"]
[SourceDate "2023.05.31"]
[SourceVersion "1"]
[SourceVersionDate "2023.05.31"]
[SourceQuality "1"]

1. e4 c5 2. Nf3 Nc6 3. d4 cxd4 4. Nxd4 e6 5. Nc3 Qc7 6. Nb3 a6 7. g3 Nf6 8. Bg2 Be7 9. 0-0 0-0 10. a4 b6 11. a5 b5 12. Be3 d6 13. g4 Nd7 14. f4 Bb7 15. g5 Rfe8 16. Rf3 g6 17. Rh3 Bf8 18. Qe1 Bg7 19. Qf2 Nb4 20. Nd4 e5 21. Nf5 gxf5 22. Qh4 Nf8 23. Bb6 Qc8 24. Rd1 exf4 25. Rxd6 Bxe4 26. Rh6 Bxh6 27. gxh6 Re6 28. Qxf4 Rg6 29. Rg3 Qb8 30. Bc7 Ne6 31. Rxg6+ fxg6 0-1

[Event "Montevideo Duchamp Cup 6th"]
[Site "Montevideo"]
[Date "2023.02.11"]
[Round "9"]
[White "Francisco Guecamburu, Candela Be"]
[Black "Mafra, Kaiser Luiz"]
[Result "1/2-1/2"]
[WhiteElo "2279"]
[BlackElo "2055"]
[PlyCount "115"]
[EventDate "2023.02.03"]
[EventType "swiss"]
[EventRounds "9"]
[EventCountry "URU"]
[SourceTitle "CBM 212 Extra"]
[Source "ChessBase"]
[SourceDate "2023.03.31"]
[SourceVersion "1"]
[SourceVersionDate "2023.03.31"]
[SourceQuality "1"]

1. e4 c5 2. Nf3 Nc6 3. Bb5 Na5 4. 0-0 a6 5. Be2 b5 6. Re1 Bb7 7. Bf1 e6 8. d3 Nf6 9. g3 Be7 10. Bg2 d5 11. e5 Nd7 12. h4 h6 13. h5 Qc7 14. Qe2 Nc6 15. c3 g5 16. hxg6 fxg6 17. Bh3 Nf8 18. d4 c4 19. b3 Nd8 20. bxc4 bxc4 21. Ba3 Bxa3 22. Nxa3 g5 23. Nc2 Nf7 24. Qd2 Qe7 25. Rab1 h5 26. Bg2 Ra7 27. Ne3 Ng6 28. Qc2 Rg8 29. Qa4+ Kf8 30. Qb4 Qxb4 31. Rxb4 Ke7 32. Nd2 Nd8 33. Reb1 Bc6 34. Bf3 g4 35. Bd1 Nf7 36. Rb6 Rc8 37. Bc2 Nf8 38. Rb8 Rxb8 39. Rxb8 Rb7 40. Rxb7+ Bxb7 41. Ba4 Bc8 42. Ng2 Ng6 43. Bc2 Nfh8 44. f3 gxf3 45. Nxf3 Bd7 46. Kf2 Kf7 47. Ke3 Kg7 48. Ngh4 Nxh4 49. Nxh4 Be8 50. Kf4 Kh6 51. Nf3 Bg6 52. Ba4 Bb1 53. a3 Ng6+ 54. Ke3 Be4 55. Nd2 Bg2 56. Bc6 Bh3 57. Be8 Ne7 58. Kf4 1/2-1/2

[Event "Montevideo Duchamp Cup 6th"]
[Site "Montevideo"]
[Date "2023.02.09"]
[Round "7"]
[White "Jasper, Nicolas"]
[Black "Mafra, Kaiser Luiz"]
[Result "0-1"]
[WhiteElo "1776"]
[BlackElo "2055"]
[PlyCount "106"]
[EventDate "2023.02.03"]
[EventType "swiss"]
[EventRounds "9"]
[EventCountry "URU"]
[SourceTitle "CBM 212 Extra"]
[Source "ChessBase"]
[SourceDate "2023.03.31"]
[SourceVersion "1"]
[SourceVersionDate "2023.03.31"]
[SourceQuality "1"]

1. d4 Nf6 2. e3 g6 3. Bd3 Bg7 4. Nf3 0-0 5. b3 a5 6. a4 d6 7. 0-0 Nc6 8. Bb2 e5 9. Nbd2 Re8 10. dxe5 Ng4 11. Rb1 Ngxe5 12. Be2 Bf5 13. Nxe5 Nxe5 14. f4 Bd7 15. e4 Nc6 16. Bxg7 Kxg7 17. f5 Qf6 18. Kh1 g5 19. Bd3 Ne5 20. Qh5 Bc6 21. Rbe1 d5 22. exd5 Nxd3 23. Rxe8 Rxe8 24. dxc6 Nf4 25. Qg4 h5 26. Qg3 Ne2 27. Qxc7 Qxc6 28. Qxc6 bxc6 29. Nc4 Nd4 30. Nxa5 Ra8 31. Nc4 Nxc2 32. Ne5 Nd4 33. f6+ Kg8 34. Rc1 Nxb3 35. Rxc6 Rxa4 36. Rc8+ Kh7 37. h3 Rf4 38. Nxf7 Kg6 39. Ne5+ Kxf6 40. Nf3 Ra4 41. Rc6+ Kf5 42. Rh6 Nc5 43. Rxh5 Ne4 44. h4 Ng3+ 45. Kh2 Nxh5 46. hxg5 Nf4 47. g3 Ra2+ 48. Kh1 Nh5 49. Nh2 Nxg3+ 50. Kg1 Kxg5 51. Nf3+ Kg4 52. Ne5+ Kh3 53. Nd3 Rg2# 0-1

[Event "Montevideo Duchamp Cup 6th"]
[Site "Montevideo"]
[Date "2023.02.04"]
[Round "2"]
[White "Mafra, Kaiser Luiz"]
[Black "Fier, Alexandr"]
[Result "1/2-1/2"]
[WhiteElo "2055"]
[BlackElo "2606"]
[PlyCount "44"]
[EventDate "2023.02.03"]
[EventType "swiss"]
[EventRounds "9"]
[EventCountry "URU"]
[SourceTitle "CBM 212 Extra"]
[Source "ChessBase"]
[SourceDate "2023.03.31"]
[SourceVersion "1"]
[SourceVersionDate "2023.03.31"]
[SourceQuality "1"]

1. c4 c5 2. Nc3 Nc6 3. Nf3 g6 4. g3 Bg7 5. Bg2 e5 6. 0-0 Nge7 7. Ne1 h5 8. a3 h4 9. b4 d6 10. Nc2 hxg3 11. fxg3 f5 12. Nd5 e4 13. Rb1 Nxd5 14. cxd5 Ne5 15. bxc5 dxc5 16. Ne3 0-0 17. d3 exd3 18. exd3 b6 19. d6 Ba6 20. Bd5+ Kh7 21. Rf4 Bxd3 22. Rb3 g5 1/2-1/2

[Event "Mombaca op 6th"]
[Site "Mombaca"]
[Date "2022.08.20"]
[Round "3"]
[White "Mafra, Kaiser Luiz"]
[Black "Simas, Breno Matos"]
[Result "1/2-1/2"]
[WhiteElo "2071"]
[BlackElo "1715"]
[PlyCount "96"]
[EventDate "2022.08.19"]
[EventType "swiss"]
[EventRounds "6"]
[EventCountry "BRA"]
[SourceTitle "CBM 210 Extra"]
[Source "ChessBase"]
[SourceDate "2022.11.30"]
[SourceVersion "1"]
[SourceVersionDate "2022.11.30"]
[SourceQuality "1"]

1. e4 c6 2. d4 d5 3. Nc3 dxe4 4. Nxe4 Nd7 5. Ng5 Ngf6 6. Bd3 e5 7. Bc4 Nd5 8. Qf3 Qf6 9. Bxd5 cxd5 10. Qxd5 exd4 11. N1f3 Bb4+ 12. c3 dxc3 13. 0-0 Be7 14. Re1 Nb6 15. Qb5+ Bd7 16. Qe2 Nc8 17. Ne5 Nd6 18. Nxd7 Kxd7 19. Qg4+ Qf5 20. Nxf7 Qxg4 21. Ne5+ Kc7 22. Nxg4 Rae8 23. bxc3 h5 24. Ne3 Bf6 25. Ba3 Bg5 26. Bxd6+ Kxd6 27. Rad1+ Kc6 28. Nf5 Bf6 29. Rd6+ Kc7 30. Red1 Rd8 31. Rxd8 Rxd8 32. Rxd8 Kxd8 33. Nd4 Kd7 34. Kf1 Bxd4 35. cxd4 Kd6 36. Ke2 Kd5 37. Kd3 b5 38. h4 a5 39. f3 b4 40. g4 a4 41. gxh5 b3 42. axb3 axb3 43. Kc3 b2 44. Kxb2 Kxd4 45. Kc2 Ke3 46. h6 gxh6 47. h5 Kxf3 48. Kd2 Kg4 1/2-1/2

[Event "Mombaca op 6th"]
[Site "Mombaca"]
[Date "2022.08.19"]
[Round "2"]
[White "Casalaspro, Mathias Andre"]
[Black "Mafra, Kaiser Luiz"]
[Result "1/2-1/2"]
[WhiteElo "1738"]
[BlackElo "2071"]
[PlyCount "39"]
[EventDate "2022.08.19"]
[EventType "swiss"]
[EventRounds "6"]
[EventCountry "BRA"]
[SourceTitle "CBM 210 Extra"]
[Source "ChessBase"]
[SourceDate "2022.11.30"]
[SourceVersion "1"]
[SourceVersionDate "2022.11.30"]
[SourceQuality "1"]

1. e4 c6 2. d4 d5 3. Nc3 dxe4 4. Nxe4 Nf6 5. Nxf6+ exf6 6. c3 Bd6 7. Bd3 0-0 8. Qc2 h5 9. Ne2 Re8 10. 0-0 Qc7 11. h3 Nd7 12. c4 c5 13. Be3 b6 14. Nc3 cxd4 15. Nd5 Qb8 16. Be4 Bh2+ 17. Kh1 Rxe4 18. Qxe4 dxe3 19. f4 Bg3 20. Qxe3 1/2-1/2

[Event "Mombaca op 6th"]
[Site "Mombaca"]
[Date "2022.08.19"]
[Round "1"]
[White "Mafra, Kaiser Luiz"]
[Black "Santana, Expedito"]
[Result "1-0"]
[WhiteElo "2071"]
[BlackElo "1462"]
[PlyCount "71"]
[EventDate "2022.08.19"]
[EventType "swiss"]
[EventRounds "6"]
[EventCountry "BRA"]
[SourceTitle "CBM 210 Extra"]
[Source "ChessBase"]
[SourceDate "2022.11.30"]
[SourceVersion "1"]
[SourceVersionDate "2022.11.30"]
[SourceQuality "1"]

1. e4 c6 2. d4 d5 3. Nc3 dxe4 4. Nxe4 Nd7 5. Ng5 e6 6. Bd3 Ngf6 7. Qe2 Qe7 8. Bd2 g6 9. 0-0-0 Bg7 10. h4 h5 11. N1h3 Nf8 12. a3 Bd7 13. Bb4 Qd8 14. c4 a5 15. Bd6 b5 16. c5 Nd5 17. Be4 Nc7 18. Qf3 f6 19. Bxf8 Bxf8 20. Bxg6+ Ke7 21. Nf7 Bh6+ 22. Kb1 Qg8 23. Nxh8 Qxh8 24. Be4 f5 25. Bxc6 Ra6 26. Bxd7 Kxd7 27. Qxh5 Qg7 28. Ng5 Qf6 29. c6+ Rxc6 30. Nf7 Bf8 31. Ne5+ Kd6 32. Nxc6 Kxc6 33. Rc1+ Kb6 34. Rxc7 Kxc7 35. Qe8 Bd6 36. Rc1+ 1-0

[Event "Timbo op 2nd"]
[Site "Timbo"]
[Date "2022.02.20"]
[Round "7"]
[White "Do Valle Cardoso, Lucas"]
[Black "Mafra, Kaiser Luiz"]
[Result "1-0"]
[WhiteElo "2214"]
[BlackElo "2074"]
[PlyCount "81"]
[EventDate "2022.02.17"]
[EventType "swiss"]
[EventRounds "7"]
[EventCountry "BRA"]
[SourceTitle "EXT 2023"]
[Source "ChessBase"]
[SourceDate "2022.10.05"]
[SourceVersion "1"]
[SourceVersionDate "2022.10.05"]
[SourceQuality "1"]

1. e4 e5 2. Nf3 Nf6 3. Nc3 Nc6 4. Bb5 Nd4 5. Nxe5 c6 6. Be2 d5 7. exd5 Bf5 8. d3 Qe7 9. Nc4 cxd5 10. Ne3 Be6 11. 0-0 0-0-0 12. Re1 h5 13. Bf1 Qc7 14. g3 Ng4 15. Bg2 Bc5 16. Na4 Bd6 17. c3 Nc6 18. d4 Nxh2 19. Kxh2 h4 20. Kg1 hxg3 21. f4 Bxf4 22. Nc5 Rh4 23. Nxe6 fxe6 24. Nf1 Rdh8 25. Bxf4 Qxf4 26. Qd2 Qf5 27. Qe3 Kb8 28. Qxg3+ Ka8 29. Ne3 Qh7 30. Rf1 Rh6 31. Ng4 Rh4 32. Rae1 Qg6 33. Rf8+ Rxf8 34. Qxh4 Qc2 35. Rxe6 Qxb2 36. Qe1 Qxa2 37. Ne3 Rd8 38. Nxd5 Rxd5 39. Bxd5 Qxd5 40. Re8+ Nb8 41. Qg3 1-0

[Event "Timbo op 2nd"]
[Site "Timbo"]
[Date "2022.02.17"]
[Round "1"]
[White "Cuco, Gustavo Henrique"]
[Black "Mafra, Kaiser Luiz"]
[Result "0-1"]
[WhiteElo "1251"]
[BlackElo "2074"]
[PlyCount "50"]
[EventDate "2022.02.17"]
[EventType "swiss"]
[EventRounds "7"]
[EventCountry "BRA"]
[SourceTitle "EXT 2023"]
[Source "ChessBase"]
[SourceDate "2022.10.05"]
[SourceVersion "1"]
[SourceVersionDate "2022.10.05"]
[SourceQuality "1"]

1. e4 g6 2. d4 Bg7 3. Nf3 d6 4. Be3 Nf6 5. Nc3 Ng4 6. Bc4 Nxe3 7. fxe3 0-0 8. Qd2 a6 9. 0-0-0 b5 10. Bb3 Bb7 11. a3 Nd7 12. Rhf1 c5 13. dxc5 Nxc5 14. Bd5 Rc8 15. Bxb7 Nxb7 16. Qd5 Qc7 17. Nd4 e6 18. Qb3 Na5 19. Qa2 Nc4 20. Rfe1 Qb6 21. b3 Nxe3 22. Rxe3 Bxd4 23. Rxd4 Qxd4 24. Rd3 Qg1+ 25. Kb2 Qxg2 0-1

[Event "Titled Tuesday intern op 05th Oct"]
[Site "Chess.com INT"]
[Date "2021.10.05"]
[Round "1"]
[White "Bazarov, Konstantin"]
[Black "Mafra, Kaiser Luiz"]
[Result "1-0"]
[WhiteElo "2226"]
[BlackElo "2074"]
[PlyCount "59"]
[EventDate "2021.10.05"]
[EventType "swiss (blitz)"]
[EventRounds "11"]
[EventCountry "USA"]
[SourceTitle "CBM 204 Extra"]
[Source "ChessBase"]
[SourceDate "2021.11.30"]
[SourceVersion "1"]
[SourceVersionDate "2021.11.30"]
[SourceQuality "1"]

1. d4 Nf6 2. c4 g6 3. Nc3 Bg7 4. e4 d6 5. f3 0-0 6. Be3 Nc6 7. d5 Ne5 8. Qd2 h5 9. Bh6 c5 10. h3 b5 11. cxb5 a6 12. Bxg7 Kxg7 13. f4 Ned7 14. Nf3 axb5 15. e5 dxe5 16. fxe5 Nh7 17. Bxb5 Qc7 18. Qe2 f6 19. 0-0 Nxe5 20. Nxe5 fxe5 21. Rfe1 Rf5 22. Bd3 e4 23. Bxe4 Re5 24. Qc2 Ng5 25. Bxg6 Nxh3+ 26. Kh1 Rg5 27. Be4 Qg3 28. gxh3 Bxh3 29. Rg1 Qh4 30. Qh2 1-0

[Event "Santa Catarina State-ch 65th"]
[Site "Rio Negrinho"]
[Date "2021.07.23"]
[Round "3"]
[White "Mafra, Kaiser Luiz"]
[Black "Melo, Sergio Roberto Samp"]
[Result "1-0"]
[WhiteElo "2102"]
[BlackElo "1640"]
[PlyCount "51"]
[EventDate "2021.07.22"]
[EventType "swiss"]
[EventRounds "7"]
[EventCountry "BRA"]
[SourceTitle "EXT 2022"]
[Source "ChessBase"]
[SourceDate "2021.10.06"]
[SourceVersion "1"]
[SourceVersionDate "2021.10.06"]
[SourceQuality "1"]

1. e4 e6 2. d4 d5 3. Nc3 Bb4 4. e5 c5 5. a3 Bxc3+ 6. bxc3 Qc7 7. Qg4 f5 8. Qg3 Nc6 9. Nf3 Nge7 10. Qxg7 Rg8 11. Qxh7 cxd4 12. Kd1 dxc3 13. Bg5 Bd7 14. Qh5+ Kd8 15. Qf7 Re8 16. Rb1 Nxe5 17. Nxe5 Qxe5 18. Rxb7 Rb8 19. Bf6 Qd6 20. Rxb8+ Qxb8 21. Bxc3 Qb1+ 22. Kd2 Qb6 23. Qf6 Qxf2+ 24. Be2 Qxg2 25. Ba5+ Kc8 26. Qe5 1-0

[Event "Timbo op"]
[Site "Timbo"]
[Date "2021.06.13"]
[Round "6"]
[White "Mafra, Kaiser Luiz"]
[Black "Colaco, Willian Wagner Soar"]
[Result "1-0"]
[WhiteElo "2115"]
[BlackElo "1675"]
[PlyCount "65"]
[EventDate "2021.06.11"]
[EventType "swiss"]
[EventRounds "6"]
[EventCountry "BRA"]
[SourceTitle "EXT 2022"]
[Source "ChessBase"]
[SourceDate "2021.10.06"]
[SourceVersion "1"]
[SourceVersionDate "2021.10.06"]
[SourceQuality "1"]

1. e4 e6 2. d4 d5 3. Nc3 dxe4 4. Nxe4 Nf6 5. Nxf6+ Qxf6 6. Nf3 h6 7. Bd3 Bd6 8. 0-0 0-0 9. c3 Nc6 10. Nd2 Bd7 11. Ne4 Qh4 12. Nxd6 cxd6 13. Re1 d5 14. Re3 f5 15. Rh3 Qf6 16. Bf4 e5 17. dxe5 Nxe5 18. Bc2 Bc6 19. Be3 f4 20. Bd4 Bd7 21. Rd3 Bc6 22. f3 Rad8 23. Bxa7 Nxd3 24. Qxd3 Rfe8 25. Bd4 Qg5 26. h4 Qxh4 27. Qh7+ Kf7 28. Qxg7+ Ke6 29. Qe5+ Kf7 30. Qf5+ Ke7 31. Bc5+ Rd6 32. Qh7+ Kf6 33. Qg6+ 1-0

[Event "Sao Bento do Sul op 4th"]
[Site "Sao Bento do Sul"]
[Date "2020.11.01"]
[Round "4"]
[White "Almeida Junior, Alvaro Alves de"]
[Black "Mafra, Kaiser Luiz"]
[Result "0-1"]
[WhiteElo "2174"]
[BlackElo "2114"]
[PlyCount "60"]
[EventDate "2020.10.31"]
[EventType "swiss"]
[EventRounds "6"]
[EventCountry "BRA"]
[SourceTitle "EXT 2022"]
[Source "ChessBase"]
[SourceDate "2021.10.06"]
[SourceVersion "1"]
[SourceVersionDate "2021.10.06"]
[SourceQuality "1"]

1. e4 c5 2. Nc3 g6 3. f4 Bg7 4. Nf3 Nc6 5. Bb5 Nd4 6. Bc4 d6 7. h3 e6 8. 0-0 Ne7 9. Ne2 Nxf3+ 10. Rxf3 0-0 11. c3 d5 12. Bd3 b5 13. exd5 c4 14. Bc2 Bb7 15. d4 Bxd5 16. Rf1 Nf5 17. Bxf5 gxf5 18. Kh2 Kh8 19. Ng1 Rg8 20. Nf3 f6 21. Nh4 a5 22. Bd2 Bf8 23. Qh5 Bd6 24. g4 Rg5 25. Qf7 fxg4 26. hxg4 Rxg4 27. Qh5 f5 28. Kh3 Be7 29. Be1 Bxh4 30. Bxh4 Bg2+ 0-1

[Event "Sao Bento do Sul op 4th"]
[Site "Sao Bento do Sul"]
[Date "2020.10.31"]
[Round "3"]
[White "Mafra, Kaiser Luiz"]
[Black "Da Silva Junior, Marco Aurelio"]
[Result "1-0"]
[WhiteElo "2114"]
[BlackElo "1709"]
[PlyCount "39"]
[EventDate "2020.10.31"]
[EventType "swiss"]
[EventRounds "6"]
[EventCountry "BRA"]
[SourceTitle "EXT 2022"]
[Source "ChessBase"]
[SourceDate "2021.10.06"]
[SourceVersion "1"]
[SourceVersionDate "2021.10.06"]
[SourceQuality "1"]

1. e4 c5 2. Nf3 e6 3. d4 cxd4 4. Nxd4 a6 5. Bd3 Nc6 6. Nxc6 dxc6 7. 0-0 e5 8. Be3 Nf6 9. h3 Bd6 10. Nd2 Be6 11. Qf3 0-0 12. Nc4 Bxc4 13. Bxc4 Nd7 14. Rad1 Qe7 15. Qg4 Kh8 16. Bg5 f6 17. Rxd6 Qxd6 18. Rd1 Qc5 19. Bh6 Rg8 20. Rxd7 1-0

[Event "Titled Tuesday intern op 4th Aug 10am"]
[Site "Chess.com INT"]
[Date "2020.08.04"]
[Round "4"]
[White "Balla, Tamas Kristof"]
[Black "Mafra, Kaiser Luiz"]
[Result "0-1"]
[WhiteElo "2356"]
[BlackElo "2114"]
[PlyCount "120"]
[EventDate "2020.08.04"]
[EventType "swiss (blitz)"]
[EventRounds "10"]
[EventCountry "USA"]
[SourceTitle "CBM 197 Extra"]
[Source "ChessBase"]
[SourceDate "2020.09.30"]
[SourceVersion "1"]
[SourceVersionDate "2020.09.30"]
[SourceQuality "1"]

1. e4 c5 2. d4 cxd4 3. c3 dxc3 4. Nxc3 Nc6 5. Nf3 e6 6. Bc4 Qc7 7. 0-0 Nf6 8. Re1 Bc5 9. h3 a6 10. e5 b5 11. Bf1 Nd5 12. Nxd5 exd5 13. Qxd5 Qb6 14. Be3 Bxe3 15. Rxe3 Bb7 16. Rd1 Rd8 17. Qd6 h5 18. Nd4 Rh6 19. Nxc6 Rxd6 20. exd6+ Qxe3 21. fxe3 Bxc6 22. Be2 g6 23. Kf2 f6 24. Bf3 Bxf3 25. Kxf3 Rc8 26. Rd2 Kf7 27. g4 h4 28. Kf4 Ke6 29. g5 Rc4+ 30. Rd4 Rxd4+ 31. exd4 f5 32. Ke3 Kxd6 33. Kd3 Kd5 34. Ke3 Kc4 35. d5 Kc5 36. Kd3 Kxd5 37. Ke3 d6 38. Kf4 Kd4 39. Kf3 Ke5 40. Ke2 f4 41. Kf3 Kf5 42. Kf2 Kxg5 43. Kf3 Kf5 44. Kg2 g5 45. Kf2 g4 46. Ke2 gxh3 47. Kf2 Ke4 48. Kg1 Kd4 49. Kh2 Kd3 50. Kxh3 Kc2 51. Kxh4 Kxb2 52. Kg4 Kxa2 53. Kxf4 b4 54. Ke4 b3 55. Kd5 b2 56. Kxd6 b1Q 57. Kc5 a5 58. Kc4 a4 59. Kc3 a3 60. Kd4 Kb3 0-1

[Event "Titled Tuesday intern op 4th Aug 10am"]
[Site "Chess.com INT"]
[Date "2020.08.04"]
[Round "2"]
[White "Gretarsson, Helgi Ass"]
[Black "Mafra, Kaiser Luiz"]
[Result "1/2-1/2"]
[WhiteElo "2401"]
[BlackElo "2114"]
[PlyCount "144"]
[EventDate "2020.08.04"]
[EventType "swiss (blitz)"]
[EventRounds "10"]
[EventCountry "USA"]
[SourceTitle "CBM 197 Extra"]
[Source "ChessBase"]
[SourceDate "2020.09.30"]
[SourceVersion "1"]
[SourceVersionDate "2020.09.30"]
[SourceQuality "1"]

1. d4 Nf6 2. c4 g6 3. Nc3 Bg7 4. e4 d6 5. f4 0-0 6. Nf3 c5 7. dxc5 Qa5 8. Bd3 Qxc5 9. Qe2 Bg4 10. Be3 Qa5 11. 0-0 Nc6 12. Rac1 Rac8 13. h3 Bxf3 14. Qxf3 e6 15. Rfd1 Rfd8 16. Bf1 a6 17. Qf2 Nd7 18. Rxd6 b5 19. cxb5 axb5 20. Nxb5 Ncb8 21. Rcd1 Qxa2 22. e5 Qb3 23. Bb6 Rc2 24. Qd4 Rdc8 25. Rxd7 Nxd7 26. Qxd7 Qxb2 27. Bc7 R2xc7 28. Nxc7 Qb6+ 29. Kh2 Qxc7 30. Qb5 Qc5 31. Rd8+ Bf8 32. Qxc5 Rxc5 33. Rd7 Kg7 34. Bd3 g5 35. Kg3 gxf4+ 36. Kxf4 Rd5 37. Rxd5 exd5 38. Kf5 Be7 39. Bb5 Bd8 40. g3 Bc7 41. h4 h6 42. g4 Bb8 43. Bc6 d4 44. Be4 Ba7 45. Bd3 Bb6 46. Ke4 Bc5 47. Kd5 Ba7 48. Kc6 Kf8 49. Kd7 Bc5 50. h5 Bb4 51. Kc6 Bd2 52. Kd5 Be3 53. Ke4 Kg7 54. Kf5 Bd2 55. e6 fxe6+ 56. Kxe6 Bg5 57. Kf5 Be3 58. Bc4 Bg1 59. Bd3 Be3 60. Bc4 Bg5 61. Bd3 Bd2 62. Bc4 Ba5 63. Bd3 Bb6 64. Bc4 Bc5 65. Bd3 Bb6 66. Bc4 Bc5 67. Bd3 Bd6 68. Bc4 Bc7 69. Bd3 Bb8 70. Bc4 Bc7 71. Bd3 Bb8 72. Bc4 Bc7 1/2-1/2